| 000 | 00467nam a22001337a 4500 | ||
|---|---|---|---|
| 082 |
_a388.11 _bHOB |
||
| 100 |
_aHoban, Christopher J _938868 |
||
| 245 |
_aProcedures for evaluationg traffic capacity and improvement to road geomentry _cChristopher J.Hoban |
||
| 260 |
_aWashington _bTransportation Department Operations Policy Staff The World Bank _c1987 |
||
| 300 | _avii,139p. | ||
| 526 |
_a0 _b0 _c0 _d388_110000000000000_HOB |
||
| 650 |
_aMCE _9379 |
||
| 942 |
_2ddc _cBK |
||
| 999 |
_c543490 _d543490 |
||